000 00462nam a2200181Ia 4500
001 8546
005 20260306160617.0
008 260306t2005||||xx |||||||||||||| ||spa||
041 _aESP
082 _a371.102
_bS45
100 _aSevillano García , Maria Luisa
_eAUT
245 0 _aEstrategias innovadoras para una enseñanza de calidad
260 _c2005
300 _a180 páginas :
_c24 cm.
650 _aGEN
654 _aCED
942 _cLIB
_dJUS
_fJUS
_2ddc
_n
999 _c8546
_d8546